Identification and Classification of Errors in 3D Printing with FDM Printer

Guardado en:
Detalles Bibliográficos
Autor principal: Ivaniuk, Andrii (Autor)
Otros Autores: Straka, Ondrej (Orientador)
Formato: Manuscrito Libro
Lenguaje:eslovaco
inglés
Publicado: Bratislava : STU v Bratislave FEI, 2025
Materias:
Acceso en línea:https://opac.crzp.sk/?fn=detailBiblioFormChildK1397U&sid=BA75C2D62745AD5727EF929ED92F&seo=CRZP-detail-kniha
Etiquetas: Agregar Etiqueta
Sin Etiquetas, Sea el primero en etiquetar este registro!

MARC

LEADER 00000ntm a22000003a 4500
001 stuzp101874
003 SK-STU
005 20260209144958.1
007 ta
008 150427s2015----xo-----f-mn---000-0-slo-d
040 |a STU  |b slo 
041 0 |a eng 
044 |a xo 
100 1 |a Ivaniuk, Andrii  |u 031000  |4 aut  |U FEI Fakulta elektrotechniky a informatiky  |T FEI Ústav robotiky a kybernetiky  |X 122156  |U E011  |Y 356  |7 122156 
242 0 1 |a Identifikácia a klasifikácia chýb pri 3D tlači na FDM tlačiarni  |y slo 
245 1 0 |a Identification and Classification of Errors in 3D Printing with FDM Printer 
260 |a Bratislava :  |b STU v Bratislave FEI,  |c 2025 
300 |a 85 s. 
650 4 |a 3D Tlač  |2 slo 
650 4 |a YOLOv8  |2 slo 
650 4 |a Klasifikácia Obrazu  |2 slo 
650 4 |a Detekcia Objektov  |2 slo 
650 4 |a Tavené Depozičné Modelovanie  |2 slo 
650 4 |a Konvolučné Neurónové Siete  |2 slo 
650 4 |a YOLOv8  |2 eng 
650 4 |a 3D Printing  |2 eng 
650 4 |a Fused Deposition Modelling  |2 eng 
650 4 |a Convolutional Neural Networks  |2 eng 
650 4 |a Image Classification  |2 eng 
650 4 |a Object Detection  |2 eng 
700 1 |a Straka, Ondrej  |u 031000  |k Z3  |4 ths  |U FEI Fakulta elektrotechniky a informatiky  |T FEI Ústav robotiky a kybernetiky  |X 79754  |U E011  |Y 356  |7 79754 
856 4 |u https://opac.crzp.sk/?fn=detailBiblioFormChildK1397U&sid=BA75C2D62745AD5727EF929ED92F&seo=CRZP-detail-kniha